[Event "GibChess Battle of the Sexes 2022"]
[Site "Caleta"]
[Date "2022.02.01"]
[Round "8.4"]
[White "Bellahcene, Bilel"]
[Black "Girya, Olga"]
[Result "1-0"]
[WhiteElo "2512"]
[BlackElo "2416"]
[Annotator "TA"]
[PlyCount "73"]
[EventDate "2022.01.01"]
[EventType "schev"]
[EventCountry "GGB"]
[SourceTitle "playchess.com"]
[Source "ChessBase"]
[SourceQuality "1"]

{[%evp 9,73,-24,13,0,41,52,45,49,47,51,50,49,65,55,62,63,45,45,57,43,43,43,43,43,43,42,127,126,139,133,140,125,148,136,216,212,231,228,234,233,324,258,307,242,422,415,418,439,418,404,661,646,1845,673,754,765,742,727,828,427,737,739,692,702,670,533]} 1. d4 Nf6 2. c4 e6 3. Nf3 d5 4. Nc3 Be7 5. g4 {[%cal Bg2g4,Bg4g5][%mdl 32]} c5 6. dxc5 {D37: Queen's Gambit Declined: 5 Bf4.} O-O (6... Nbd7 $11 {should be considered.}) 7. g5 $14 Ne4 8. Nxe4 {White is slightly better.} ({Much weaker is} 8. cxd5 Nxc3 9. bxc3 exd5 $11) 8... dxe4 9. Qxd8 Rxd8 10. Nd2 Na6 11. Bg2 $1 {[#]} e3 $146 ({Predecessor:} 11... Nxc5 12. Nxe4 Nxe4 13. Bxe4 Bb4+ 14. Kf1 Rd4 15. Bd3 e5 16. f3 Be6 17. Be3 Rd7 18. Kg2 b6 19. a3 Bf8 20. Rac1 Rc8 21. a4 Bb4 22. b3 f5 23. h4 {½-½ (23) Brustkern,J (2266)-Feher,G (2347) Budapest 2010}) 12. Ne4 exf2+ 13. Kxf2 {aiming for Be3.} Nxc5 14. Nxc5 Bxc5+ 15. Be3 Bxe3+ 16. Kxe3 Rb8 17. Rhd1 {[%cal Rd1d8] [#]} Re8 {Black is now going downhill.} (17... Bd7 $14) 18. c5 $16 {White is more active.} e5 19. b4 Be6 20. a4 {[%cal Ba2a4,Ba4a5][%mdl 32]} Kf8 21. a5 Bc4 (21... Re7 $16 22. h4 f5) 22. Rd6 $18 Bb5 23. Be4 Bc6 24. Rad1 (24. Bxh7 g6 $16) 24... Rec8 25. h4 {[%cal Bh2h4,Bh4h5][%mdl 32]} ({Weaker is} 25. Bxh7 g6 $16) 25... Ke7 26. h5 ({Not} 26. Bxh7 Rh8 $16) 26... Rc7 $2 (26... g6 27. Bxc6 bxc6 28. Rd7+ Ke6 29. Rxa7 Rf8 30. Rd6+ Kf5) 27. Bxh7 Rh8 28. g6 fxg6 29. Bxg6 {And now Rf1 would win.} Rf8 {To avoid Rf1} (29... Rd7 $142 30. Rxd7+ Bxd7) 30. Rg1 {White is clearly winning.} Rf4 31. Bd3 (31. Rg5 $142 Kf8 32. Rxe5 Re4+ 33. Bxe4 Bxe4 34. Kxe4) 31... Kf7 32. b5 Be8 33. Rd8 Ke7 34. Rd5 Ke6 {[#]} (34... Kf8 $142 35. Rxe5 Rf6) 35. Rxe5+ $3 {[%mdl 512]} Kxe5 36. Rg5+ Kf6 37. Kxf4 {Weighted Error Value: White=0.42/Black=0.41} 1-0

[Event "GibChess Battle of the Sexes 2022"]
[Site "Caleta"]
[Date "2022.02.01"]
[Round "8.5"]
[White "Csonka, Balazs"]
[Black "Abdumalik, Zhansaya"]
[Result "1/2-1/2"]
[WhiteElo "2480"]
[BlackElo "2491"]
[Annotator "TA"]
[PlyCount "98"]
[EventDate "2022.01.01"]
[EventType "schev"]
[EventCountry "GGB"]
[SourceTitle "playchess.com"]
[Source "ChessBase"]
[SourceQuality "1"]

{[%evp 13,98,45,55,43,60,52,84,45,93,48,37,35,75,35,45,15,15,8,22,0,39,40,40,41,110,110,100,94,134,129,147,122,217,56,27,37,408,381,383,383,407,414,408,406,392,397,454,454,901,664,652,649,555,426,766,383,372,383,467,55,56,27,45,14,14,14,14,14,14,14,14,16,17,14,14,0,17,17,17,14,14,0,17,0,26,21,79]} 1. Nf3 Nf6 2. c4 c5 3. Nc3 b6 4. e4 d6 5. d4 cxd4 6. Nxd4 Bb7 7. Qe2 g6 8. g3 {[#] A34: Symmetrical English: 2 Nc3, lines with ...d5.} (8. e5 dxe5 9. Qxe5 Bg7 $15) 8... h5 $146 ({Predecessor:} 8... Bg7 9. Bg2 O-O 10. O-O Nbd7 11. Rd1 Rb8 12. Bg5 h6 13. Be3 a6 14. Rac1 Kh7 15. b4 Ba8 {1-0 (46) Sebenik,M (2498)-Milanovic,D (2455) Chess.com INT 2020}) 9. Bg2 h4 10. O-O {White is better.} Nbd7 (10... Bg7 $14 {should be considered.}) 11. Rd1 (11. Ndb5 $16 {[%cal Oe4e5] Strongly threatening e5!} hxg3 12. fxg3) 11... hxg3 $14 12. hxg3 Rc8 13. b3 a6 14. Bb2 e6 15. Rac1 Be7 $1 16. Rd2 Rc5 {[#]} 17. Nd5 $1 exd5 18. exd5 {[%cal Be4d5,Bd5c6][%mdl 32]} Ne5 {To avoid Nc6} (18... Qc8 $14) 19. b4 $1 $16 {[%cal Bb3b4,Bb4b5,Bb5b6][%mdl 32]} Rc7 20. Nc6 $1 Bxc6 21. dxc6 Qc8 {[#]} (21... Nfg4 $2 22. f4 f6 23. fxe5 Nxe5 24. c5 bxc5 25. bxc5 $18) 22. b5 Rh5 (22... Kf8 $16) 23. c5 $2 (23. f4 Neg4 $14) (23. a4 $18) 23... bxc5 $14 24. f4 $36 {[%mdl 2048] White has good play. Active counter play!} Neg4 {[%mdl 8192] [#]} (24... axb5 $1 $14 25. fxe5 dxe5) 25. b6 $1 $18 {b7 is the strong threat.} (25. Bxf6 axb5 26. Bh4 (26. Rxd6 $2 Nxf6 27. Rxf6 Kf8 $19) 26... Kf8 $14) 25... Rxc6 26. Re1 {[%csl Ge1][%cal Re2e7]} Ng8 27. b7 ({Don't blunder} 27. Bxc6+ $2 Qxc6 28. Qe4 (28. Qxg4 $2 Qh1+ 29. Kf2 Rh2+ 30. Ke3 Qxe1+ $19) 28... Qxe4 29. Rxe4 Kd7 $19) 27... Qxb7 {[#]} 28. Rxd6 {[%mdl 512] Really sharp!} Rxd6 29. Bxb7 {A strong pair of Bishops.} Re6 30. Qd1 {And now Rxe6 would win.} ({Not} 30. Qxg4 Rxe1+ 31. Kg2 Re6 $14) 30... N8h6 (30... Rxe1+ $142 31. Qxe1 Kf8) 31. Qa4+ Kf8 32. Rxe6 fxe6 33. Qd7 c4 {[#]} (33... Rh3 $142 34. Qxe6 Rxg3+ 35. Kf1 Ne3+ 36. Ke2 Nf7) 34. Bg7+ $1 {[%mdl 512]} Kf7 35. Bxh6 Nxh6 36. Bxa6 $2 ({White should play} 36. Bc8 $18 Kf8 37. Qxe6) 36... Rd5 $14 37. Qa4 c3 38. Bc4 Rd2 {[#]} 39. Bxe6+ $1 Kxe6 40. Qc6+ Rd6 41. Qxc3 Nf5 {Inhibits Qg7.} 42. a4 {[%mdl 1024] White has compensation.} Nd4 {aiming for ...Ne2+.} 43. Kg2 Kd7 44. Qc4 Ne6 45. Qb5+ Rc6 46. Qd5+ Rd6 47. Qb5+ Rc6 48. Qd5+ Bd6 49. Qd3 Nf8 {Black defended with fortune.  Weighted Error Value: White=0.45/Black=0.36} (49... Nc5 $11 {keeps the balance.} 50. Qb5 (50. Qxg6 Ra6 $14) 50... Kc7) 1/2-1/2

[Event "GibChess Battle of the Sexes 2022"]
[Site "Caleta"]
[Date "2022.02.01"]
[Round "8.6"]
[White "Brunello, Sabino"]
[Black "Cramling, Pia"]
[Result "1-0"]
[WhiteElo "2492"]
[BlackElo "2452"]
[Annotator "TA"]
[PlyCount "121"]
[EventDate "2022.01.01"]
[EventType "schev"]
[EventCountry "GGB"]
[SourceTitle "playchess.com"]
[Source "ChessBase"]
[SourceQuality "1"]

{[%evp 17,121,0,0,-19,23,0,15,0,0,0,22,15,39,50,91,77,56,50,42,35,56,18,16,13,18,12,27,41,39,8,11,14,12,0,25,0,22,23,27,19,31,33,33,31,20,19,19,0,22,22,22,21,20,20,22,0,0,0,6,0,16,0,17,17,25,4,62,59,59,44,60,62,64,45,49,37,57,54,70,68,120,116,150,150,254,204,189,41,90,90,79,98,697,335,697,690,690,683,683,683,12840,12840,12841,12841,12841,12842]} 1. d4 Nf6 2. c4 e6 3. Nc3 Bb4 4. e3 O-O 5. Bd3 d5 6. Nge2 dxc4 7. Bxc4 c5 8. a3 Bxc3+ 9. bxc3 $1 {9.bxc3 scores better than 9.Nxc3.} Nc6 (9... Qc7 $5 {[%cal Rc5d4]}) 10. Ng3 {E49: Nimzo-Indian: Rubinstein: 5 Bd3 d5 6 a3 Bxc3+ 7 bxc3.} b6 (10... Qa5 $142 11. Bd2 Qd8) 11. O-O Bb7 {[#]} 12. Ba2 $146 {The position is equal.} ({Predecessor:} 12. Bb2 e5 13. Ba2 cxd4 14. cxd4 exd4 15. exd4 Nd5 16. Qf3 Nce7 17. Rfe1 Qd7 18. Nh5 {½-½ (49) Dieu,B (2268)-Monroy,C (2408) France 2007}) 12... Rc8 13. Re1 Qd6 14. Bb2 cxd4 15. cxd4 {[%cal Od4d5]} Na5 (15... Rfd8 $14 {might be stronger.}) 16. e4 {[%cal Od4d5] Black must now prevent d5!} Nc4 17. Bxc4 Rxc4 18. d5 {And now Bxf6 would win.} Qf4 {[%cal Rf6e4]} (18... exd5 $2 19. e5 Qc5 20. exf6 $18) 19. dxe6 fxe6 {[%cal Rf6e4]} ({Much less strong is} 19... Nxe4 20. f3 (20. Nxe4 Rxe4 21. Qd7 Rxe6 $14) 20... Nxg3 21. e7 $16) 20. f3 Qc7 21. Rc1 Qc5+ 22. Kh1 Rxc1 23. Qxc1 (23. Bxc1 {is more complex.} Ba6 24. Bb2 Rf7 25. a4 Rd7 26. Qa1) 23... Qxc1 24. Rxc1 Rc8 25. Rd1 Rc7 26. Be5 Rd7 27. Rc1 Ba6 28. h4 Kf7 29. Kg1 Bb5 30. Nh1 Rd3 31. Rc7+ Rd7 32. Rc1 Rd3 33. Bc3 Nd7 34. Nf2 Rd6 35. Bb4 Rc6 36. Rd1 Rc2 37. Ng4 Ba4 {[%cal Oc2g2]} (37... h5 $5 {[%cal Rh5g4]} 38. Ne3 Rc8 $11) 38. Rd4 Bb5 39. Rd1 a5 40. Bd6 Rc3 41. Kf2 Rd3 (41... Ba4 $11 42. Rb1 b5) 42. Rxd3 $14 {White is more active.} Bxd3 {[%mdl 4096] Endgame KBN-KBN} 43. Bc7 Ke7 44. Ke3 Bf1 45. g3 (45. Nh2 $5 {[%cal Rh2f1]} Bc4 46. f4 $14) 45... a4 46. f4 Bb5 47. Kd4 Ba6 48. Nf2 h5 (48... Kf6 $14) 49. e5 $16 Bb7 50. Nh3 {Strongly threatening Ng5.} Bd5 (50... Ke8 $16 {was called for.} 51. Bd6 g6) 51. f5 Bb3 52. fxe6 ({White must play} 52. Bd6+ $18 Ke8 53. fxe6 Bxe6 54. Nf4) 52... Kxe6 (52... Nc5 $1 $14 53. Bxb6 Nxe6+ 54. Ke3 Kd7) 53. Nf4+ Kf5 54. Nxh5 g6 {[%mdl 8192] [#] A mistake that costs the game.} (54... g5 $16) 55. Ng7+ $18 Kg4 56. e6 {White is clearly winning.} Nf6 57. Bxb6 Kxg3 58. Bd8 Nh5 59. Nxh5+ gxh5 60. Ke5 Bc4 61. Bg5 {Weighted Error Value: White=0.12 (very precise) /Black=0.32} 1-0

[Event "GibChess Battle of the Sexes 2022"]
[Site "Caleta"]
[Date "2022.02.01"]
[Round "8.7"]
[White "Cheng, Bobby"]
[Black "Sukandar, Irine Kharisma"]
[Result "1/2-1/2"]
[WhiteElo "2550"]
[BlackElo "2407"]
[Annotator "TA"]
[PlyCount "97"]
[EventDate "2022.01.01"]
[EventType "schev"]
[EventCountry "GGB"]
[SourceTitle "playchess.com"]
[Source "ChessBase"]
[SourceQuality "1"]

{[%evp 12,97,0,-8,0,12,0,-8,0,2,0,3,6,12,12,17,0,-26,0,-65,-14,0,34,-55,-39,-35,0,0,0,-90,-66,-71,-70,-87,-33,-80,-77,-70,-40,-103,-68,-62,0,-121,-48,-197,-181,-202,-189,-181,-89,-83,-66,-121,-27,-32,0,0,0,0,0,-49,-30,-91,143,138,133,0,0,0,0,0,0,0,0,0,0,0,0,0,-12,-118,-120,-121,-123,-119,-95,-106]} 1. d4 Nf6 2. c4 e6 3. g3 d5 4. Bg2 Be7 5. Nf3 O-O 6. Nc3 dxc4 7. Ne5 Qd6 {E06: Closed Catalan: Early deviations.} 8. O-O {Nowadays more popular than 8.Nxc4.} Qa6 9. a4 Bd7 {[#] Prevents Nb5. The position is equal.} 10. Bf4 $146 ({Predecessor:} 10. Bg5 Rd8 11. e3 Bc6 12. e4 Be8 13. Ng4 Nc6 14. Bxf6 Bxf6 15. Nxf6+ gxf6 16. Qg4+ {1-0 (25) Shimanov,A (2613)-Jacobson,A (2318) Chess.com INT 2019}) 10... Rd8 11. b3 cxb3 12. Qxb3 Nc6 13. Rfd1 {[%mdl 1024] White has compensation.} Be8 14. Nb5 Rac8 (14... Na5 $5 {[%cal Ra5b3]} 15. Qa2 Rac8 $11) 15. e4 (15. Nc4 $11) 15... Na5 ({Black should try} 15... Nxe5 $15 16. Bxe5 Qa5) 16. Qa2 $11 c6 {[#]} 17. Nc3 (17. Nc7 $1 $14 Rxc7 18. Nxf7) 17... b6 $1 $15 18. Rac1 Bb4 19. Bg5 $1 Be7 20. h4 (20. Bf4 $1 $11 {keeps the balance.}) 20... h6 $17 21. Bf4 Bb4 22. g4 Nd7 (22... Qb7 $17) 23. Nd3 (23. Nxd7 $1 $15 {is more appropriate.} Rxd7 24. Qb2) 23... Be7 24. g5 hxg5 25. hxg5 (25. Bxg5 $15 Bxg5 26. hxg5) 25... Qc4 26. Qe2 Ba3 (26... Qxd4 $15 27. Be3 Qc4) 27. Rc2 (27. Nd5 $1 $11 Qxa4 28. Nc3 Qxd4 29. Rc2) 27... Qxd4 (27... Nb3 $17 28. Nb2 Qxe2 29. Nxe2 Na5) 28. g6 ({White should play} 28. Bf1 $1 $15) 28... Qf6 $1 $19 (28... fxg6 29. Bg5 $11 (29. Ne5 Qc5 $17)) 29. gxf7+ Bxf7 30. e5 Qg6 (30... Qf5 $19 {is more deadly. Threatens to win with ...Bh5.} 31. Ne4 Bh5) 31. Ne4 $17 Be7 {To avoid Bg5} 32. Rc3 ({Better is} 32. Nd6 $1 $15) 32... Nf8 (32... c5 $17 {aiming for ...c4.} 33. Nd6 Bxd6 34. exd6 Nc6) 33. Nd6 $11 Rc7 34. Ne1 Qh5 35. Bf3 Qg6+ 36. Ng2 (36. Bg2 $11 {might be stronger.}) 36... c5 $15 {[%cal Oc5c4]} 37. Rdd3 (37. Be4 $11 Qh5 38. Bf3) 37... Nc6 $2 {[#]} (37... c4 $17 {and life is bright.} 38. Be4 Qh5) 38. Be4 $16 Qh5 {[#]} 39. Bf3 {White is much more active. Black has bad knights.} ({White must play} 39. Qe1 $1 $16 {Strongly threatening Rh3.} Nxe5 40. Bxe5 (40. Rh3 Qxh3 41. Rxh3 Bxd6 $15)) 39... Qg6 40. Qe1 {Be4 is the strong threat.} Nb4 41. Be4 Nxd3 42. Bxg6 {Chess con chili.} Bxg6 ({Don't play} 42... Nxe1 43. Bxf7+ Kh8 44. Rh3+ Nh7 45. Bg6 $16 (45. Bxe6 g5 $11)) 43. Qe2 Nxf4 44. Nxf4 Bxd6 45. exd6 Rxd6 46. Rg3 (46. Nxg6 $11 {remains equal.} Nxg6 47. Rf3) 46... Bf5 $17 {Black is better.} 47. Qe5 Rd1+ 48. Kh2 Rf7 49. Nh5 {Weighted Error Value: White=0.31/Black=0.25 (precise)} 1/2-1/2

[Event "GibChess Battle of the Sexes 2022"]
[Site "Caleta"]
[Date "2022.02.01"]
[Round "8.8"]
[White "Haria, Ravi"]
[Black "Houska, Jovanka"]
[Result "1-0"]
[WhiteElo "2490"]
[BlackElo "2365"]
[Annotator "TA"]
[PlyCount "111"]
[EventDate "2022.01.01"]
[EventType "schev"]
[EventCountry "GGB"]
[SourceTitle "playchess.com"]
[Source "ChessBase"]
[SourceQuality "1"]

{[%evp 9,111,19,11,4,15,17,26,15,31,29,25,27,22,0,0,0,12,8,19,16,35,32,22,27,18,18,40,14,22,16,21,19,18,-8,-10,-8,-8,-25,-27,-31,14,-20,-28,-15,61,57,67,28,85,65,65,68,60,59,64,50,37,52,64,44,60,6,46,0,4,0,0,0,2,9,10,0,0,0,0,0,0,0,33,27,31,0,0,0,0,0,0,0,0,0,1525,1461,5988,5600,5036,4902,2548,2070,2768,2213,6221,5821,1830,1595]} 1. e4 c6 2. d4 d5 3. e5 Bf5 4. Nd2 e6 5. Nb3 a6 6. Nf3 {B12: Caro-Kann: Advance Variation.} c5 7. Nxc5 Bxc5 8. dxc5 {White has an edge.} Qa5+ 9. c3 Qxc5 10. Be2 Nd7 11. O-O Ne7 12. Bf4 {[#]} Qc7 $146 ({Predecessor:} 12... O-O 13. Rc1 Nc6 14. Re1 h6 15. h3 Rac8 16. Qd2 Rfd8 17. Nd4 Ndxe5 18. Nxf5 exf5 19. Bxe5 Nxe5 20. Bxa6 {½-½ (58) Ortiz Suarez,I (2545)-Vazquez,G (2527) Tornelo INT 2021}) 13. Re1 O-O 14. Nd4 Bg6 15. h4 h6 16. h5 Bh7 17. Bf1 Nc6 18. Re3 Kh8 ({Resist} 18... Ncxe5 19. Qe2 $16) 19. Qd2 Nc5 ({Don't do} 19... Ncxe5 20. Qe2 $16) 20. Rae1 Qe7 21. b4 Ne4 22. Nxc6 bxc6 23. Qe2 a5 24. f3 {[#]} Ng5 (24... Qh4 $1 $15 {should be considered.} 25. Bh2 Ng5) 25. Qb2 Rfb8 {[%cal Ra5b4]} 26. a3 g6 (26... axb4 $11 27. cxb4 c5) 27. hxg6 $1 $14 Bxg6 28. Qf2 Kg7 (28... axb4 $11 {remains equal.} 29. axb4 Ra4) 29. R3e2 axb4 30. axb4 Bd3 31. Rd2 Bxf1 32. Rxf1 Ra3 33. Rc2 Rba8 34. Be3 {[%cal Ob4b5]} Ra1 35. Bd4 ({White should play} 35. Qd2 $14) 35... Kh7 36. Re2 (36. Kh2 $14 {is superior.}) 36... Qe8 37. Ree1 R1a2 {To avoid Qc2+} 38. Re2 Ra1 39. Rxa1 Rxa1+ 40. Kh2 {[%cal Bg1h2,Bh2g3,Bg3f2,Bf2e3][%mdl 32]} f5 41. Qh4 {To avoid Qh5} Ra4 42. Kg3 Qg6 43. Kf2 Qe8 44. Be3 Qe7 {[%cal Og5e4] [#] aiming for ...Ne4+!} 45. Bxg5 (45. Qh5 {with more complications.} Qf7 46. Qxf7+ Nxf7 47. Bd2 Kg6 48. Bf4) 45... Qxg5 46. Qxg5 hxg5 {[%mdl 4096] Endgame KR-KR} 47. Ke3 {And now Kd4 would win.} c5 48. b5 {[%cal Bb4b5,Bb5b6][%mdl 32]} f4+ 49. Kd3 c4+ $2 {[%mdl 8192]} (49... Kg6 $11) 50. Kd4 $18 {White is clearly winning.} Ra3 51. Rb2 Kg6 52. b6 {Threatening mate with b7.} Ra8 53. Kc5 {b7 is the strong threat.} Kf5 54. Re2 Rc8+ 55. Kd6 d4 56. cxd4 {Weighted Error Value: White=0.10 (very precise) /Black=0.13 (very precise)} 1-0

[Event "GibChess Battle of the Sexes 2022"]
[Site "Caleta"]
[Date "2022.02.01"]
[Round "8.9"]
[White "Gallagher, Joseph G."]
[Black "Efroimski, Marsel"]
[Result "1/2-1/2"]
[WhiteElo "2447"]
[BlackElo "2429"]
[Annotator "TA"]
[PlyCount "75"]
[EventDate "2022.01.01"]
[EventType "schev"]
[EventCountry "GGB"]
[SourceTitle "playchess.com"]
[Source "ChessBase"]
[SourceQuality "1"]

{[%evp 25,75,28,35,35,34,39,45,37,34,28,40,46,23,0,65,69,65,63,69,56,62,27,27,30,31,18,19,19,22,29,45,16,31,23,28,24,26,21,39,18,36,9,12,5,4,0,0,0,0,0,0,0]} 1. e4 c5 2. Nf3 d6 3. Bb5+ Bd7 4. Bxd7+ Nxd7 5. O-O Ngf6 6. Qe2 e6 7. b3 Be7 8. Bb2 O-O 9. c4 Rc8 10. d4 cxd4 11. Nxd4 Qa5 12. Nc3 a6 13. Rad1 Rfe8 14. f4 {B52: Sicilian: Moscow Variation with 3...Bd7.} Qc5 {[#] And now ...e5 would win.} 15. Kh1 Qh5 16. Nf3 {[#] White is slightly better.} e5 $146 ({Predecessor:} 16... Red8 17. Rg1 Qa5 18. Nd4 h5 19. Rd3 Bf8 20. Rg3 Re8 21. Rf1 g6 {1-0 (58) Firouzja,A (2759)-Adhiban,B (2660) chess24.com INT 2021}) 17. fxe5 dxe5 18. Nd5 Bd8 19. Rfe1 Nc5 (19... Ba5 $11) 20. Nxf6+ $14 Bxf6 21. Rd5 Qg4 {[%cal Ob7b5]} 22. Qe3 ({Much weaker is} 22. Nxe5 Qxe2 23. Rxe2 Bxe5 24. Bxe5 b5 $11) ({Reject} 22. Bxe5 Bxe5 23. Nxe5 (23. Rxe5 Rxe5 24. Nxe5 Qxe2 $11) 23... Qxe2 24. Rxe2 f6 $11) 22... Qf4 23. Qxf4 (23. g3 {seems wilder.} Qxe3 24. Rxe3 Ne6 25. Bxe5 Bxe5 26. Rxe5 Nc5 27. Rxe8+ Rxe8 28. e5) 23... exf4 24. Bxf6 gxf6 25. e5 fxe5 26. Rexe5 Rxe5 27. Nxe5 $11 {[%mdl 4096] Endgame KRN-KRN} b5 28. Kg1 Ne4 $1 29. Rd4 Nc3 {[#] Strongly threatening ...Ne2+.} 30. Kf1 {To avoid Ne2} Nxa2 31. Rxf4 Nc1 32. cxb5 axb5 33. b4 Rd8 {The position is equal.} 34. g3 ({Don't go for} 34. Rxf7 $2 Rd1+ 35. Kf2 Nd3+ 36. Ke2 Nxe5 $19) 34... Rd2 35. Nxf7 Rxh2 36. Nd6 Rb2 37. Nxb5 Nd3 38. Rg4+ {Weighted Error Value: White=0.07 (flawless) /Black=0.07 (flawless)} 1/2-1/2

[Event "GibChess Battle of the Sexes 2022"]
[Site "Caleta"]
[Date "2022.02.01"]
[Round "8.10"]
[White "Bwalya, Gillan"]
[Black "Sebag, Marie"]
[Result "1/2-1/2"]
[WhiteElo "2404"]
[BlackElo "2460"]
[Annotator "TA"]
[PlyCount "58"]
[EventDate "2022.01.01"]
[EventType "schev"]
[EventCountry "GGB"]
[SourceTitle "playchess.com"]
[Source "ChessBase"]
[SourceQuality "1"]

{[%evp 21,58,0,0,0,0,0,10,0,21,8,8,8,8,9,14,5,27,22,20,13,27,15,26,0,19,0,0,0,0,0,0,0,0,0,0,0,0,0,0]} 1. d4 d5 2. c4 c6 3. cxd5 cxd5 4. Bf4 Nc6 5. e3 Nf6 6. Nc3 Bf5 7. Bd3 Bxd3 8. Qxd3 e6 9. h3 Be7 10. Nf3 O-O 11. O-O Nd7 {[%cal Bf6d7,Bd7b6,Bb6c4][%mdl 32]} 12. Rfc1 {D14: Slav Defence: Exchange variation with ...Bf5.} Nb6 {[#]} 13. Qe2 $146 ({Predecessor:} 13. Nd2) 13... a6 14. Qd1 Nc4 15. b3 Nb6 16. a3 Rc8 17. Ne1 {[%cal Bf3e1,Be1d3,Bd3f4][%mdl 32]} Bf6 18. Ne2 Qe7 19. Nd3 h6 20. Qd2 Rfd8 21. Bg3 Nd7 22. Ndf4 g6 {The position is equal.} 23. Ra2 Na7 24. Nd3 Rxc1+ 25. Qxc1 Rc8 {Inhibits Qc7.} 26. Qd2 Rc6 27. Nb4 Rc8 28. Nd3 Rc6 29. Nb4 Rc8 {A rather calm draw.  Weighted Error Value: White=0.06 (flawless) /Black=0.05 (flawless)} 1/2-1/2

[Event "GibChess Battle of the Sexes 2022"]
[Site "Caleta"]
[Date "2022.02.02"]
[Round "9.1"]
[White "Mammadzada, Gunay"]
[Black "Brunello, Sabino"]
[Result "1/2-1/2"]
[WhiteElo "2470"]
[BlackElo "2492"]
[Annotator "TA"]
[PlyCount "70"]
[EventDate "2022.01.01"]
[EventType "schev"]
[EventCountry "GGB"]
[SourceTitle "playchess.com"]
[Source "ChessBase"]
[SourceQuality "1"]

{[%evp 24,70,14,25,28,18,30,17,31,29,41,31,30,19,21,19,24,8,40,27,112,108,112,125,159,156,181,187,182,153,145,144,150,148,144,88,90,82,82,82,100,72,91,0,0,0,0,0,0]} 1. e4 c6 2. d4 d5 3. Nc3 dxe4 4. Nxe4 Bf5 5. Ng3 Bg6 6. Nf3 Nd7 7. h4 h6 8. Bd3 Bxd3 9. Qxd3 e6 10. Bf4 Qa5+ 11. Bd2 Qc7 12. O-O-O Ngf6 13. Ne4 Nxe4 {B19: Classical Caro-Kann: 4...Bf5 main line.} 14. Qxe4 Nf6 15. Qe2 O-O-O 16. g3 Bd6 17. c4 c5 18. Bc3 cxd4 19. Nxd4 a6 {To avoid Nb5} 20. Kb1 (20. Nxe6 $2 fxe6 21. f4 Rhe8 $19) 20... Rhe8 {[#]} 21. a3 $146 ({Predecessor:} 21. Rd2 Bf8 22. Rhd1 e5 23. Nf3 Rxd2 24. Nxd2 Qd7 25. Ne4 Qf5 26. f3 h5 27. Qd3 Nxe4 28. fxe4 {½-½ (86) Lagno,K (2549)-Fataliyeva,U (2368) Batumi 2019}) 21... e5 (21... Rd7 $11 {remains equal.}) 22. Nf5 $16 Bf8 23. Rxd8+ Qxd8 {[#]} 24. Rd1 $1 (24. Bxe5 $2 Qd7 25. g4 g6 26. Nxh6 Bxh6 $19) 24... Qb6 {[#]} 25. Bb4 $1 (25. Bxe5 $2 Qe6 26. Nd4 Qxe5 $19) 25... Qe6 26. Qc2 {And now Bxf8 would win.} e4 (26... Bxb4 $2 27. Nxg7 (27. axb4 Rd8 $16) 27... Qe7 28. Nxe8 $18 (28. axb4 Rd8 $16)) 27. Bxf8 {White is much more active.} Rxf8 28. Nd6+ ({Much worse is} 28. Nxg7 Qg4 $11) 28... Kb8 29. c5 ({White should try} 29. Qb3 {[%csl Gd6][%cal Rb3b7]} Qe7 30. c5) 29... Rd8 {[%cal Bf8d8,Bd8d7,Bd7c7,Bc7c5][%mdl 32]} 30. Rd4 Rd7 31. Qd2 {[%cal Oc5c6] Hoping for c6!} Rc7 32. Qf4 {[%cal Od6b5] Nb5! is the strong threat.} Nd5 33. Qd2 (33. Qc1 $16) 33... e3 $11 {The position is equal.} 34. fxe3 Rxc5 35. Ne4 Rc6 {Weighted Error Value: White=0.11 (very precise) /Black=0.12 (very precise)} 1/2-1/2